Nostradamus : (Record no. 125627)

MARC details
000 -LEADER
fixed length control field 00734nam a22002297a 4500
005 - DATE AND TIME OF LATEST TRANSACTION
control field 20170124105957.0
010 ## - LIBRARY OF CONGRESS CONTROL NUMBER
LC control number B-082170
020 ## - INTERNATIONAL STANDARD BOOK NUMBER
Terms of availability 00.00
International Standard Book Number 8185212937
035 ## - SYSTEM CONTROL NUMBER
System control number B-082170
037 ## - SOURCE OF ACQUISITION
Source of stock number/acquisition Cen Lib/Ret
040 ## - CATALOGING SOURCE
Original cataloging agency DPL
Language of cataloging EN
082 ## - DEWEY DECIMAL CLASSIFICATION NUMBER
Classification number 133.3092
Item number NOS
245 ## - TITLE STATEMENT
Title Nostradamus :
Statement of responsibility, etc edited by N. Sharma
Remainder of title history, future and complete prophecies /
260 ## - PUBLICATION, DISTRIBUTION, ETC. (IMPRINT)
Place of publication, distribution, etc Chandigarh
Name of publisher, distributor, etc Arun Publishing House
Date of publication, distribution, etc 2002
270 ## - ADDRESS
Address SCO 49-51, Sector 17 C
City Chandigarh
Postal code 160017
300 ## - PHYSICAL DESCRIPTION
Extent 223p. :
Dimensions 20cm(Hb)
Other physical details ill
500 ## - GENERAL NOTE
General note Includes bibliographic references and index
650 ## - SUBJECT ADDED ENTRY--TOPICAL TERM
Topical term or geographic name as entry element Prophecies (Occultism)
9 (RLIN) 14982
650 ## - SUBJECT ADDED ENTRY--TOPICAL TERM
Topical term or geographic name as entry element Prophecies
9 (RLIN) 14983
700 ## - ADDED ENTRY--PERSONAL NAME
Personal name Sharma, N
9 (RLIN) 14984
942 ## - ADDED ENTRY ELEMENTS (KOHA)
Source of classification or shelving scheme Dewey Decimal Classification
Koha item type English Books
Classification part 133.3092
Call number suffix NOS
Holdings
Withdrawn status Lost status Damaged status Not for loan Home library Current library Date acquired Source of acquisition Cost, normal purchase price Total Checkouts Full call number Barcode Date last seen Date checked out Copy number Cost, replacement price Price effective from Koha item type Source of classification or shelving scheme
        Central Library Central Library 22/06/2015 Cen Lib/Ret 0.00 1 133.3092 NOS B-082170 19/01/2018 08/01/2018 1 0.00 22/06/2015 English Books  
        Central Library Central Library 05/10/2016   0.00   133.3092 NOS B-181261 05/10/2016   2   05/10/2016 English Books Dewey Decimal Classification

© Delhi Public Library
Hit Counter
free hit counter